00420nam a2200181Ia 4500008004100000020001800041050001600059100002300075245002000098245002600118260001500144260001600159260000900175300001600184300002000200300001000220500000800230170918s9999 xx 000 0 und d a9780590481410 bW855ma 1993 aWolff, Virginia E. aMake lemonade / cby Virginia E. Wolff. aNew York : bScholastic, c1993 a200 pages : billustrations ; c17cm. a890